<?xml version="1.0" encoding="UTF-8"?>
<record
    xmlns:xsi="http://www.w3.org/2001/XMLSchema-instance"
    xsi:schemaLocation="http://www.loc.gov/MARC21/slim http://www.loc.gov/standards/marcxml/schema/MARC21slim.xsd"
    xmlns="http://www.loc.gov/MARC21/slim">

  <leader>00769cam a22002291  4500</leader>
  <controlfield tag="001">he 68000899 </controlfield>
  <controlfield tag="003">DLC</controlfield>
  <controlfield tag="005">20260227111456.0</controlfield>
  <controlfield tag="008">830707s1955    is            000 0 heb  </controlfield>
  <datafield tag="010" ind1=" " ind2=" ">
    <subfield code="a">he 68000899 </subfield>
  </datafield>
  <datafield tag="035" ind1=" " ind2=" ">
    <subfield code="a">(OCoLC)19158250</subfield>
  </datafield>
  <datafield tag="040" ind1=" " ind2=" ">
    <subfield code="a">DLC</subfield>
    <subfield code="c">MH</subfield>
    <subfield code="d">DLC</subfield>
  </datafield>
  <datafield tag="042" ind1=" " ind2=" ">
    <subfield code="a">premarc</subfield>
  </datafield>
  <datafield tag="050" ind1="0" ind2="0">
    <subfield code="a">BM755.U72</subfield>
    <subfield code="b">D6</subfield>
  </datafield>
  <datafield tag="100" ind1="2" ind2=" ">
    <subfield code="a">Don-Ya&#x1E25;ia, Shabbetai,</subfield>
    <subfield code="d">1909-1981.</subfield>
  </datafield>
  <datafield tag="245" ind1="1" ind2="3">
    <subfield code="a">ha-Rav Ben-Tsiyon Me&#x2BC;ir &#x1E24;ai &#x2BB;Uzi&#x2BC;el :</subfield>
    <subfield code="b">&#x1E25;aya&#x1E7F; u-mishnato.</subfield>
  </datafield>
  <datafield tag="260" ind1=" " ind2=" ">
    <subfield code="a">Jerusalem :</subfield>
    <subfield code="b">ha-Mador ha-dati ba-Ma&#x1E25;la&#x1E33;ah le-&#x2BB;inyene ha-no&#x2BB;ar &#x1E7F;ehe-&#x1E25;aluts shel ha-Histadrut ha-Tsiyonit,</subfield>
    <subfield code="c">715 [1955]</subfield>
  </datafield>
  <datafield tag="300" ind1=" " ind2=" ">
    <subfield code="a">252 p. :</subfield>
    <subfield code="b">ill., ports. ;</subfield>
    <subfield code="c">20 cm.</subfield>
  </datafield>
  <datafield tag="490" ind1="0" ind2=" ">
    <subfield code="a">Demuyot ;</subfield>
    <subfield code="v">10</subfield>
  </datafield>
  <datafield tag="600" ind1="1" ind2="0">
    <subfield code="a">Ouziel, Ben-Zion Meir &#x1E24;ai,</subfield>
    <subfield code="d">1880-1953.</subfield>
  </datafield>
  <datafield tag="752" ind1=" " ind2=" ">
    <subfield code="a">Israel</subfield>
    <subfield code="d">Jerusalem</subfield>
  </datafield>
  <datafield tag="999" ind1=" " ind2=" ">
    <subfield code="c">33139</subfield>
    <subfield code="d">33139</subfield>
  </datafield>
</record>
